ROLAND ALEXANDER ISSLER, Metamorphosen des « Raubs der Europa ». Der Mythos in der französischen Lyrik vom frühen 14. bis zum späten 19. Jahrhundert. Bonn, Romanistischer Verlag, 2006 (Abhandlungen zur Sprache und Literatur, 163). Un vol. de 182 p. (notice n° 1654389)
[ vue normale ]
| 000 -LEADER | |
|---|---|
| fixed length control field | 01149cam a2200157 4500500 |
| 005 - DATE AND TIME OF LATEST TRANSACTION | |
| control field | 20260208005927.0 |
| 041 ## - LANGUAGE CODE | |
| Language code of text/sound track or separate title | fre |
| 042 ## - AUTHENTICATION CODE | |
| Authentication code | dc |
| 100 10 - MAIN ENTRY--PERSONAL NAME | |
| Personal name | Nies, Fritz |
| Relator term | author |
| 245 00 - TITLE STATEMENT | |
| Title | ROLAND ALEXANDER ISSLER, Metamorphosen des « Raubs der Europa ». Der Mythos in der französischen Lyrik vom frühen 14. bis zum späten 19. Jahrhundert. Bonn, Romanistischer Verlag, 2006 (Abhandlungen zur Sprache und Literatur, 163). Un vol. de 182 p. |
| 260 ## - PUBLICATION, DISTRIBUTION, ETC. | |
| Date of publication, distribution, etc. | 2008.<br/> |
| 500 ## - GENERAL NOTE | |
| General note | 29 |
| 520 ## - SUMMARY, ETC. | |
| Summary, etc. | Le 9 avril 1845 Victor Hugo écrit au représentant du roi de Suède à Paris, le comte G. C. F. Löwenhjelm en lui confiant deux exemplaires de Notre-Dame de Paris destinés au roi Oscar Ier et au secrétaire perpétuel de l’Académie suédoise, Bernhard von Beskow. Par sa date et son contenu, cette lettre se rattache à la correspondance de Hugo avec Beskow publiée dans le numéro précédent de la RHLF. |
| 786 0# - DATA SOURCE ENTRY | |
| Note | Revue d'histoire littéraire de la France | 107 | 4 | 2008-02-01 | p. 957c-1012c | 0035-2411 |
| 856 41 - ELECTRONIC LOCATION AND ACCESS | |
| Uniform Resource Identifier | <a href="https://shs.cairn.info/revue-d-histoire-litteraire-de-la-france-2007-4-page-957c?lang=fr&redirect-ssocas=7080">https://shs.cairn.info/revue-d-histoire-litteraire-de-la-france-2007-4-page-957c?lang=fr&redirect-ssocas=7080</a> |
Pas d'exemplaire disponible.




Réseaux sociaux